Trật tự và hỗn độn trong thế giới nguyên tử
Đã lưu trong:
| Tác giả chính: | |
|---|---|
| Định dạng: | Sách |
| Ngôn ngữ: | Undetermined |
| Được phát hành: |
Hà Nội
KHKT
1985
|
| Những chủ đề: | |
| Các nhãn: |
Thêm thẻ
Không có thẻ, Là người đầu tiên thẻ bản ghi này!
|
| Thư viện lưu trữ: | Trung tâm Học liệu Trường Đại học Cần Thơ |
|---|
| LEADER | 00525nam a2200181Ia 4500 | ||
|---|---|---|---|
| 001 | CTU_2774 | ||
| 008 | 210402s9999 xx 000 0 und d | ||
| 082 | |a 541.24 | ||
| 082 | |b K62 | ||
| 100 | |a A L Kitaigorodski | ||
| 245 | 0 | |a Trật tự và hỗn độn trong thế giới nguyên tử | |
| 245 | 2 | |c A L Kitaigorodski, Hữu Ngọc | |
| 260 | |a Hà Nội | ||
| 260 | |b KHKT | ||
| 260 | |c 1985 | ||
| 650 | |a atoms | ||
| 904 | |i Minh, 960829 | ||
| 980 | |a Trung tâm Học liệu Trường Đại học Cần Thơ | ||